[Event "Ruhrgebiet VL1 0910"]
[Site "Germany"]
[Date "2009.12.06"]
[Round "4.7"]
[White "Warmbier, Karl Heinz"]
[Black "Wolff, Torsten"]
[Result "0-1"]
[WhiteElo "1852"]
[BlackElo "1904"]
[PlyCount "76"]
[EventDate "2009.09.06"]
[EventType "team-tourn"]
[EventRounds "9"]
[EventCountry "GER"]
[SourceTitle "EXT 2011"]
[Source "ChessBase"]
[SourceDate "2010.11.26"]
[SourceVersion "1"]
[SourceVersionDate "2010.11.26"]
[SourceQuality "1"]
[WhiteTeam "Holsterhausen"]
[BlackTeam "Dortmund"]
[WhiteTeamCountry "GER"]
[BlackTeamCountry "GER"]

1. e4 c5 2. Nf3 e6 3. d4 cxd4 4. Qxd4 Nc6 5. Qd1 Nf6 6. Bd3 Qc7 7. Nc3 a6 8. a3 b5 9. 0-0 Be7 10. h3 Bb7 11. Re1 d6 12. Bf4 Ne5 13. Nxe5 dxe5 14. Be3 0-0 15. Qe2 Qc6 16. Bd2 Rfd8 17. Nd1 Rd7 18. Bc3 Bd6 19. g4 h6 20. f3 Nh7 21. Kg2 Nf8 22. Bd2 Ng6 23. Nc3 Qb6 24. a4 b4 25. a5 Qc7 26. Na4 Rf8 27. Nb6 Rdd8 28. b3 f5 29. Bc4 fxe4 30. Bxe6+ Kh8 31. fxe4 Nh4+ 32. Kh1 Qxc2 33. Bd5 Bxd5 34. Nxd5 Nf3 35. Bxh6 Nxe1 36. Bxg7+ Kxg7 37. Qxe1 Rf2 38. Qe3 Rh2+ 0-1